000
00302nam a2200145Ia 4500
100
_a
KIR/DHANANJAY
650
_a
General
942
_c
BK
366
_f
20
245
_a
DR.BABASAHEB AMBEDKAR
260
_b
MUMBAI
_a
POPULAR PRAKASHAN
_c
2012
082
_a
920/KIR
300
_a
304
546
_a
ENGLISH
999
_c
35616
_d
35616